[Event "Challenge"]
[Site "http://www.queenalice.com/game.php?id=1851204"]
[Date "2025.1.30"]
[Round "-"]
[White "DAN1958"]
[Black "nathmurr"]
[Result "0-1"]
[WhiteElo "1503"]
[BlackElo "1682"]

1. e4 e5 2. Qf3 Nf6 3. h3 c5 4. c4 Nc6 5. Ne2 d6 6. d3 Qb6 7. a3 Na5 8. Nd2 g5
9. Qxf6 Rg8 10. Qf3 Nc6 11. g4 Bd7 12. Ng3 Nd4 13. Qd1 Qa5 14. Rh2 Ba4 15. b3
Bxb3 16. Qxb3 Nxb3 17. Rb1 Nxc1 18. Rxc1 Qxa3 19. Rd1 a5 20. Nb1 Qb4+ 21. Nd2 a4
22. Rb1 Qc3 23. Ke2 a3 24. Rb3 Qa5 25. Rc3 Qxc3 0-1

[Event "Challenge"]
[Site "http://www.queenalice.com/game.php?id=1851449"]
[Date "2025.2.2"]
[Round "-"]
[White "DAN1958"]
[Black "Leanne"]
[Result "1-0"]
[WhiteElo "1489"]
[BlackElo "1271"]

1. e4 e5 2. Nf3 Nc6 3. a3 d5 4. d3 Nf6 5. h3 dxe4 6. dxe4 Qe7 7. Be3 Bd7 8. Nc3
O-O-O 9. Qe2 Kb8 10. Bd2 Nd4 11. Nxd4 exd4 12. Na2 Qc5 13. Qd3 Bc6 14. f3 Be7
15. g4 Bb5 16. Qxb5 Qxb5 17. Bxb5 Nd7 18. Bxd7 1-0

[Event "Challenge"]
[Site "http://www.queenalice.com/game.php?id=1851450"]
[Date "2025.2.2"]
[Round "-"]
[White "DAN1958"]
[Black "nathmurr"]
[Result "1-0"]
[WhiteElo "1490"]
[BlackElo "1700"]

1. e4 c5 2. c4 e6 3. d3 Nc6 4. a3 g6 5. Nf3 f5 6. exf5 gxf5 7. Nc3 a6 8. Be3 d5
9. b3 Qa5 10. Bd2 Qd8 11. b4 dxc4 12. dxc4 cxb4 13. axb4 Bxb4 14. Rb1 a5 15. Nb5
Bxd2+ 16. Qxd2 Qxd2+ 17. Nxd2 Nd4 18. Nxd4 Ra6 19. N2b3 a4 20. Nc5 Ra7 21. Ra1
a3 22. Nc2 Ra5 23. Nd3 b5 24. Rxa3 Rxa3 25. Nxa3 bxc4 26. Nxc4 Ba6 27. Nce5 Bxd3
28. Bxd3 Ke7 29. O-O Nf6 30. f4 Nd7 31. Nxd7 Kxd7 32. g3 Kd6 33. Rd1 Rd8 34.
Bxf5+ 1-0

[Event "Challenge"]
[Site "http://www.queenalice.com/game.php?id=1852083"]
[Date "2025.2.13"]
[Round "-"]
[White "nathmurr"]
[Black "DAN1958"]
[Result "1-0"]
[WhiteElo "1691"]
[BlackElo "1516"]

1. e4 e5 2. d4 d5 3. Nf3 f6 4. dxe5 fxe5 5. Nxe5 Bd6 6. Qh5+ g6 7. Nxg6 hxg6 8.
Qxh8 Kd7 9. exd5 Nf6 10. Bb5+ Ke7 11. Qg7# 1-0

[Event "AUTO-INT-3917"]
[Site "http://www.queenalice.com/game.php?id=1852258"]
[Date "2025.2.15"]
[Round "1"]
[White "Yanni"]
[Black "DAN1958"]
[Result "0-1"]
[WhiteElo "1388"]
[BlackElo "1491"]

1. e4 e5 2. Nf3 f6 3. h3 d6 4. Bb5+ c6 5. Bc4 b5 6. Bd3 Ne7 7. b3 a5 8. Nc3 Be6
9. Ba3 b4 10. Ne2 bxa3 11. Ng3 g6 12. O-O Bh6 13. c3 Qb6 14. Qe2 Nd7 15. c4 Nc5
16. Bc2 Rd8 17. Rab1 Na6 18. b4 axb4 19. Rb3 c5 20. Rd3 Nc8 21. Ba4+ Bd7 22. Bb3
Qb7 23. Rd5 Nc7 24. Rd3 Bc6 25. Ba4 Bxa4 26. Kh1 Qa6 27. Re3 Bxe3 28. Qxe3 Qxc4
29. Kh2 Qxa2 30. Ne2 b3 31. Nc1 Qa1 32. Qe2 Bb5 33. Qd1 Bxf1 34. Qxf1 O-O 35.
Qd1 b2 36. Qb3+ d5 37. Nd3 b1=Q 38. Qa4 Qh1+ 39. Kg3 Qaf1 40. Nxc5 g5 41. exd5
Qfxg2# 0-1

[Event "AUTO-INT-3917"]
[Site "http://www.queenalice.com/game.php?id=1852259"]
[Date "2025.2.15"]
[Round "1"]
[White "DAN1958"]
[Black "Yanni"]
[Result "0-1"]
[WhiteElo "1503"]
[BlackElo "1376"]

1. e4 e5 2. Nf3 Bd6 3. c4 Qf6 4. Be2 Nc6 5. a3 h6 6. d3 Nge7 7. Nc3 Bc5 8. Be3
Bd6 9. b4 a6 10. c5 Bxc5 11. bxc5 b6 12. Rb1 b5 13. O-O d6 14. cxd6 cxd6 15. g3
g5 16. Nd2 Bh3 17. Re1 h5 18. Nd5 Nxd5 19. exd5 Ne7 20. Qc1 Rc8 21. Qd1 h4 22.
g4 O-O 23. Rb3 Ng6 24. Bf3 e4 25. dxe4 Rce8 26. Rf1 Ne5 27. Re1 Qg6 28. Qe2 f5
29. gxf5 Qg7 30. Bd4 g4 31. Bg2 g3 32. fxg3 hxg3 33. Nf1 gxh2+ 34. Kxh2 Qh6 35.
Bxh3 Kf7 36. Bxe5 Rxe5 37. Rc3 Rg8 38. Ng3 Rh8 39. Rc7+ Kf6 40. Rc6 Qxh3+ 41.
Kg1 Qxg3+ 42. Qg2 Qxe1+ 43. Qf1 Rg8+ 0-1

[Event "AUTO-INT-3917"]
[Site "http://www.queenalice.com/game.php?id=1852277"]
[Date "2025.2.15"]
[Round "1"]
[White "DAN1958"]
[Black "game"]
[Result "0-1"]
[WhiteElo "1514"]
[BlackElo "1575"]

1. e4 e5 2. Nf3 f6 3. c4 Nc6 4. a3 d6 5. d3 Nd4 6. Nxd4 exd4 7. Qh5+ g6 8. Qb5+
Bd7 9. Qxb7 f5 10. g3 fxe4 11. Qxe4+ Be7 12. Qxd4 Bf6 13. Qf4 Bg5 14. Qe4+ Be7
15. h4 Rb8 16. Qd4 Bf6 17. Qxa7 Ne7 18. Qe3 O-O 19. Qe2 Re8 20. Qd2 Bc6 21. Rh3
Bd7 22. Rh2 Nf5+ 23. Be2 Nd4 24. f4 Nb3 25. Qa5 Nxa5 26. Nd2 Nb3 27. Nxb3 Rxb3
28. Ra2 Bg4 29. Kd2 Bf5 30. Kc2 Qb8 31. Bf3 Rxd3 32. Re2 Rxf3+ 33. Kd1 Qb3+ 34.
Ke1 Rxe2+ 35. Kxe2 Bg4 0-1

[Event "Challenge"]
[Site "http://www.queenalice.com/game.php?id=1852419"]
[Date "2025.2.18"]
[Round "-"]
[White "Mr_SPOCK"]
[Black "DAN1958"]
[Result "0-1"]
[WhiteElo "1766"]
[BlackElo "1467"]

1. e4 e5 2. Qh5 d6 3. Bc4 g6 4. Qf3 Nf6 5. d3 Bg7 6. Bg5 h6 7. Bh4 g5 8. Bg3 Bg4
9. Qe3 a6 10. f3 Bh5 11. Nc3 c5 12. O-O-O b5 13. Nxb5 axb5 14. Bxb5+ Nfd7 15. h4
g4 16. f4 Rxa2 17. c3 Qa5 18. c4 Ra1+ 19. Kc2 Rxd1 20. Kxd1 Qa1+ 21. Kc2 exf4
22. Qc1 Qxc1+ 23. Kxc1 Ke7 24. Bxf4 Nb6 25. g3 N8d7 26. Ne2 Ne5 27. Kc2 f6 28.
Ra1 Ra8 29. Rxa8 Nxa8 30. Kc3 Nc7 31. Ba4 Nf3 32. b4 cxb4+ 33. Kxb4 Na6+ 34. Kb5
Nc5 35. Nc3 Ke6 36. Nd5 Nxd3 37. Nc7+ Ke7 38. Kb6 Nxf4 39. gxf4 g3 40. Nd5+ Kd8
41. Ne3 Ne1 42. Kc6 Ke7 43. Bb3 g2 44. Nxg2 Nxg2 45. Kd5 Nxf4+ 46. Kc6 Ng2 47.
Kd5 Nxh4 48. Kd4 f5+ 49. e5 dxe5+ 50. Ke3 Kd6 51. Kf2 Kc5 52. Ke3 f4+ 53. Kf2
Nf5 54. Ke1 e4 55. Ba2 Ne3 56. Bb3 Nxc4 57. Bxc4 Kxc4 58. Kf2 Bd4+ 59. Ke1 f3
60. Kf1 e3 61. Ke1 f2+ 62. Kf1 e2+ 63. Kg2 e1=Q 64. Kh3 f1=Q+ 65. Kh2 Qff2+ 66.
Kh3 Qh4+ 67. Kg2 Qg4+ 68. Kh2 Qeg1# 0-1

[Event "Challenge"]
[Site "http://www.queenalice.com/game.php?id=1852431"]
[Date "2025.2.19"]
[Round "-"]
[White "nathmurr"]
[Black "DAN1958"]
[Result "1-0"]
[WhiteElo "1676"]
[BlackElo "1500"]

1. e4 e5 2. Bc4 Qf6 3. d3 Bc5 4. f3 h6 5. c3 Nc6 6. b4 Bf8 7. Ne2 g6 8. Qa4 a6
9. b5 Nce7 10. Qb3 axb5 11. Bxb5 c6 12. Ba4 b5 13. Bxb5 cxb5 14. Qxb5 Ba6 15.
Qa4 Qc6 16. Qc2 Nf6 17. O-O Qc5+ 18. Kh1 Qd6 19. Ba3 Qxd3 20. Qxd3 Bxd3 21. Rf2
Bxb1 22. Bxe7 Rxa2 23. Rxa2 Bxa2 24. Bxf6 Rh7 25. Nc1 Bc4 26. Rb2 Bd6 27. Rb6
Ba3 28. Rb8# 1-0

[Event "Challenge"]
[Site "http://www.queenalice.com/game.php?id=1852688"]
[Date "2025.2.23"]
[Round "-"]
[White "nathmurr"]
[Black "DAN1958"]
[Result "1-0"]
[WhiteElo "1685"]
[BlackElo "1482"]

1. e4 e5 2. c4 c5 3. Qh5 d6 4. Nc3 g6 5. Qf3 Nf6 6. d3 Nc6 7. Bg5 Be7 8. Bxf6
Bxf6 9. Nd5 Bg7 10. g3 Be6 11. Ne2 Rf8 12. h4 Bxd5 13. exd5 Nd4 14. Nxd4 cxd4
15. Bh3 f5 16. h5 g5 17. Bxf5 h6 18. g4 Qe7 19. Qd1 Qc7 20. Qa4+ Ke7 21. O-O a6
22. b4 b5 23. Qc2 Kf6 24. c5 dxc5 25. bxc5 Rf7 26. d6 Qc6 27. Qb3 Re8 28. Bg6
Ref8 29. Bxf7 Rxf7 30. Rac1 Bf8 31. Rfe1 Kg7 32. Rxe5 Qc8 33. Qe6 Qxe6 34. Rxe6
Ra7 35. c6 Kf7 36. c7 Kxe6 37. c8=Q+ Kf7 38. Rc7+ Rxc7 39. Qxc7+ Ke6 40. d7 Be7
41. Qc8 a5 42. d8=Q+ 1-0

[Event "Challenge"]
[Site "http://www.queenalice.com/game.php?id=1853235"]
[Date "2025.3.3"]
[Round "-"]
[White "DAN1958"]
[Black "nathmurr"]
[Result "1-0"]
[WhiteElo "1495"]
[BlackElo "1700"]

1. e4 c5 2. c4 Nc6 3. Nf3 d6 4. d3 f5 5. g3 fxe4 6. dxe4 Nf6 7. Bd3 Nb4 8. a3
Nxd3+ 9. Qxd3 Bd7 10. b3 e5 11. a4 Be7 12. h3 O-O 13. Nbd2 a6 14. g4 h6 15. Nf1
Bc6 16. N3d2 g5 17. f3 b5 18. axb5 axb5 19. Rxa8 Qxa8 20. Qb1 bxc4 21. Nxc4 Rb8
22. Nfd2 Qb7 23. O-O Ba4 24. bxa4 Qxb1 25. Nxb1 Rxb1 26. Na3 Ra1 27. a5 Nd7 28.
a6 Nb6 29. a7 Na8 30. Kf2 c4 31. Bb2 Rxf1+ 32. Kxf1 Bd8 33. Nb5 Ba5 34. Nxd6 c3
35. Bc1 Kf8 36. Nc4 Bb6 37. Nxb6 Nxb6 38. Ke1 Ke8 39. Be3 Na8 40. Kd1 Kd7 41.
Kc2 Kc6 42. Kxc3 Kb5 43. Kb3 Kc6 44. Kb4 Nc7 45. Ka5 Kb7 46. Bc5 Na8 47. Bd6
Kxa7 48. Bxe5 Nb6 49. Bg7 Nc4+ 50. Kb4 Nd2 51. e5 Nxf3 52. e6 Ne1 53. e7 Nd3+
54. Kc3 1-0

[Event "Challenge"]
[Site "http://www.queenalice.com/game.php?id=1853859"]
[Date "2025.3.14"]
[Round "-"]
[White "DAN1958"]
[Black "nathmurr"]
[Result "0-1"]
[WhiteElo "1474"]
[BlackElo "1693"]

1. e3 e5 2. d4 exd4 3. exd4 d5 4. c3 Bd6 5. Qe2+ Ne7 6. Bg5 f6 7. Bd2 O-O 8. Nf3
c6 9. b4 a5 10. b5 b6 11. g3 Bd7 12. a4 cxb5 13. axb5 Re8 14. Be3 Nf5 15. g4
Nxe3 16. fxe3 Bf4 17. h3 Rxe3 18. Qxe3 Bxe3 19. Ra2 Bc1 20. Kd1 Bf4 21. Rf2 a4
22. Na3 Qf8 23. Nh4 Bg3 24. Ng6 hxg6 25. Rb2 Qxa3 26. Rc2 Qb3 27. Rg1 Bf4 28.
Bd3 Qb1+ 29. Ke2 Qxg1 30. Bxg6 Bxb5+ 31. Kf3 Qg3# 0-1

[Event "AUTO-INT-3923"]
[Site "http://www.queenalice.com/game.php?id=1854065"]
[Date "2025.3.17"]
[Round "1"]
[White "Danado"]
[Black "DAN1958"]
[Result "1-0"]
[WhiteElo "1684"]
[BlackElo "1489"]

1. e4 e5 2. Nf3 f6 3. Nc3 c6 4. d4 d6 5. d5 c5 6. Bb5+ Bd7 7. Bxd7+ Qxd7 8. Be3
g5 9. Qe2 Nh6 10. Qb5 Qxb5 11. Nxb5 Kd8 12. Nxd6 Bxd6 13. Rd1 Nd7 14. O-O Ng4
15. h3 Nxe3 16. fxe3 h5 17. c3 a5 18. c4 b6 19. h4 g4 20. Nd2 Nf8 21. Rxf6 Ke7
22. Rf2 Ng6 23. Nf1 Raf8 24. Rxf8 Rxf8 25. Ng3 Nxh4 26. Nxh5 Ng6 27. Ng3 Nh4 28.
Rf1 Rxf1+ 29. Kxf1 Kf6 30. Kf2 Kg5 31. Ne2 Ng6 32. g3 Ne7 33. Nc3 Kf6 34. Nb5
Nc8 35. a3 Bf8 36. Nc3 Bd6 37. Nb1 Ne7 38. a4 Ng8 39. Nc3 Ne7 40. Nb1 Nc8 41.
Nd2 Be7 42. Nf1 Kg6 43. Nd2 Bg5 44. Nb1 Nd6 45. b3 Kf6 46. Nc3 Nf7 47. Nb5 Ke7
48. Na7 Kd7 49. Nb5 Nd6 50. Nc3 Ne8 51. Ne2 Nc7 52. Nc3 Na6 53. Na2 Nb4 54. Nc1
Nc2 55. Ke2 Nxe3 56. Kf2 Nd1+ 57. Ke1 Bxc1 58. Kxd1 Be3 59. Ke2 Bg5 60. Kf2 Ke7
61. Kg2 Kd6 62. Kf2 Bc1 63. Ke2 Bb2 64. Kf2 Bd4+ 65. Ke2 Bg1 66. Kf1 Be3 67. Kg2
Bh6 68. Kf2 Bf8 69. Ke3 Kd7 70. Kf2 Ke7 71. Ke3 Bh6+ 72. Kf2 Kf6 73. Ke2 Bf4 74.
Kf2 Kg5 75. Kg2 Kh5 76. Kf2 Bd2 77. Kg2 Be1 78. Kh2 Bf2 79. Kg2 Be3 80. Kf1 Bf4
81. Kg2 Bxg3 82. Kxg3 Kg5 83. Kg2 Kh4 84. d6 b5 85. d7 bxc4 86. d8=Q+ Kh5 87.
bxc4 Kg6 88. Kg3 Kh5 89. Qxa5 1-0

[Event "AUTO-INT-3923"]
[Site "http://www.queenalice.com/game.php?id=1854081"]
[Date "2025.3.17"]
[Round "1"]
[White "mestre62"]
[Black "DAN1958"]
[Result "1-0"]
[WhiteElo "1426"]
[BlackElo "1493"]

1. e4 e5 2. Nf3 f6 3. Bc4 Ne7 4. c3 a6 5. O-O d6 6. Nh4 b5 7. Bd5 Nxd5 8. exd5
Bb7 9. Qe2 Bxd5 10. Nf3 g5 11. b4 a5 12. bxa5 Rxa5 13. d4 e4 14. Nfd2 f5 15. Nb3
Bxb3 16. Qh5+ Bf7 17. Qxg5 Qxg5 18. Bxg5 h6 19. Bf4 h5 20. Nd2 Rxa2 21. Rxa2
Bxa2 22. h3 Nc6 23. Ra1 Bd5 24. Ra8+ Nd8 25. Bg5 Be7 26. Bxe7 Kxe7 27. Rc8 Kd7
28. Rb8 h4 29. Nb1 Re8 30. Na3 c6 31. f3 Ne6 32. Rb7+ Nc7 33. fxe4 fxe4 34. Nc2
e3 35. Nxe3 Rxe3 36. Rb8 Rxc3 37. Rf8 Rc2 38. Rf4 Rxg2+ 39. Kf1 Rg8 40. Rxh4 Ne6
41. Rh7+ Ng7 42. h4 Kc7 43. h5 Rf8+ 44. Kg1 b4 45. Rxg7+ Bf7 46. h6 Kb6 47. h7
b3 48. Rxf7 Rxf7 49. h8=Q Rf3 50. Qb8+ Ka6 51. Qxd6 Rc3 52. Qa3+ Kb6 53. Qb4+
Kc7 54. Qxc3 b2 55. Qxb2 Kd6 56. Qg2 Kc7 57. Qg5 Kb6 58. Qc5+ Kc7 59. d5 1-0

[Event "AUTO-INT-3923"]
[Site "http://www.queenalice.com/game.php?id=1854082"]
[Date "2025.3.17"]
[Round "1"]
[White "DAN1958"]
[Black "mestre62"]
[Result "1-0"]
[WhiteElo "1474"]
[BlackElo "1445"]

1. e4 e5 2. d4 d5 3. f3 dxe4 4. fxe4 exd4 5. Nf3 Nc6 6. a3 Nf6 7. Bd3 Bg4 8. h3
Bh5 9. g4 Bg6 10. b4 Bd6 11. O-O O-O 12. Bb2 b5 13. Bxb5 Ne5 14. Qxd4 a6 15. Be2
Nxf3+ 16. Bxf3 Be7 17. Rd1 Qxd4+ 18. Rxd4 h6 19. Nc3 Rad8 20. Rxd8 Rxd8 21. Rd1
Rxd1+ 22. Nxd1 Nd7 23. Bd4 Bf6 24. Bxf6 gxf6 25. c3 Ne5 26. Kf2 Nd3+ 27. Ke3 Ne5
28. Be2 c6 29. Bxa6 h5 30. gxh5 Bxh5 31. Nf2 Nd7 32. Kf4 Nb8 33. Bc4 Nd7 34. h4
Nb6 35. Bb3 Nd7 36. Kf5 Kg7 37. a4 Ne5 38. b5 cxb5 39. axb5 Bg6+ 40. Kf4 Nd7 41.
c4 Nc5 42. Bc2 Ne6+ 43. Kg4 Nd4 44. Bd3 Nb3 45. b6 Nc5 46. Bc2 Kh6 47. Nd3 Nxe4
48. b7 Bh5+ 49. Kf4 Bg6 50. b8=Q Nc3 51. Qh8+ Bh7 52. Kg4 f5+ 53. Kf4 Ne2+ 54.
Ke3 Ng3 55. Ne5 Nh5 56. Bxf5 Nf6 57. Ng4+ Nxg4+ 58. Kf4 Nf6 59. Qf8+ Kh5 60.
Qxf7+ Kxh4 61. Bxh7 Nh5+ 62. Ke5 1-0

[Event "AUTO-INT-3923"]
[Site "http://www.queenalice.com/game.php?id=1854091"]
[Date "2025.3.17"]
[Round "1"]
[White "jenyasm"]
[Black "DAN1958"]
[Result "1-0"]
[WhiteElo "1657"]
[BlackElo "1530"]

1. e4 e5 2. Nf3 f6 3. Bc4 Ne7 4. d3 a6 5. a3 b5 6. Bb3 Nbc6 7. Be3 g5 8. h3 Na5
9. Nbd2 Nxb3 10. Nxb3 Ng6 11. O-O a5 12. Nbd2 a4 13. Nb1 Ra6 14. Nc3 c6 15. Ne2
d6 16. Ng3 h5 17. Nd2 h4 18. Nf5 Ne7 19. Nxe7 Bxe7 20. c4 O-O 21. cxb5 Rb6 22.
Bxb6 Qxb6 23. Qxa4 Bd7 24. bxc6 Qxc6 25. Qxc6 Bxc6 26. Rac1 Bb5 27. Rc3 Bd7 28.
Rc7 Rd8 29. b4 Kf7 30. Rb1 Bb5 31. Rb3 Ba4 32. Rbc3 Ke6 33. Ra7 Rd7 34. Rxd7
Kxd7 35. Nc4 Bd8 36. Nb2 Bc6 37. a4 Bb6 38. b5 Bb7 39. Nc4 Bd4 40. Rc2 Ke6 41.
a5 Bc8 42. Nxd6 Kxd6 43. Rxc8 Ke6 44. b6 Kd7 45. b7 Ba7 46. b8=Q Bxb8 47. Rxb8
Kc7 48. Rb1 Kc6 49. a6 Kc5 50. a7 Kd4 51. Rb3 Kc5 52. a8=Q Kd6 53. Qd5+ Ke7 54.
Rb6 f5 55. Qb7+ 1-0

[Event "Challenge"]
[Site "http://www.queenalice.com/game.php?id=1854703"]
[Date "2025.3.29"]
[Round "-"]
[White "nathmurr"]
[Black "DAN1958"]
[Result "1-0"]
[WhiteElo "1685"]
[BlackElo "1502"]

1. e4 e5 2. d3 c5 3. Nc3 Nf6 4. Be3 a6 5. Qf3 d6 6. Nd5 Nxd5 7. exd5 f6 8. O-O-O
Nd7 9. c4 b5 10. b3 b4 11. g4 g5 12. h4 h6 13. hxg5 fxg5 14. Qe4 Qf6 15. Nf3 Nb6
16. Nxg5 hxg5 17. Rxh8 Qxh8 18. Qg6+ Kd8 19. Bxg5+ Kc7 20. Bg2 Qg7 21. Qxg7+
Bxg7 22. Rh1 Bxg4 23. Be4 Rf8 24. Rh7 Rf7 25. Bg6 Rxf2 26. Rxg7+ Nd7 27. Be8 Rg2
28. Bxd7 Rg1+ 29. Kd2 Rg2+ 30. Ke1 Rg1+ 31. Kf2 Rf1+ 32. Kxf1 Bxd7 33. a4 a5 34.
Kf2 Kc8 35. Be7 Kc7 36. Rg8 Kb6 37. Bxd6 Ka7 38. Bxc5+ Kb7 39. Bd6 Ka6 40. Bxe5
Bg4 41. d6 Kb6 42. Rxg4 1-0

[Event "Challenge"]
[Site "http://www.queenalice.com/game.php?id=1854727"]
[Date "2025.3.29"]
[Round "-"]
[White "DAN1958"]
[Black "Mr_SPOCK"]
[Result "0-1"]
[WhiteElo "1519"]
[BlackElo "1725"]

1. e4 e5 2. c4 Bc5 3. Qf3 Nf6 4. a3 Nc6 5. Qg3 Nh5 6. Qc3 Qf6 7. f3 d6 8. b4 Bd4
9. Qc2 Qh4+ 10. g3 Nxg3 11. hxg3 Qxg3+ 12. Kd1 Bxa1 13. Bb2 Bxb2 14. Qxb2 Nd4
15. Be2 Qg2 16. d3 Qxh1 17. f4 Qxg1+ 18. Kd2 O-O 19. Qc1 Nb3+ 20. Kc2 Qxc1+ 21.
Kxb3 Qxb1+ 0-1

[Event "Challenge"]
[Site "http://www.queenalice.com/game.php?id=1854734"]
[Date "2025.3.30"]
[Round "-"]
[White "DAN1958"]
[Black "nathmurr"]
[Result "0-1"]
[WhiteElo "1511"]
[BlackElo "1676"]

1. e4 c5 2. c4 d6 3. d3 e6 4. Nf3 h6 5. Nc3 g5 6. Qa4+ Bd7 7. Qd1 Qa5 8. Bd2 Qa6
9. b3 Ne7 10. a4 b6 11. h4 g4 12. Ng1 h5 13. g3 Bc6 14. Rh2 d5 15. cxd5 exd5 16.
Nxd5 Bxd5 17. exd5 Nxd5 18. d4 Qc8 19. Bc4 Ne7 20. Ne2 Qb7 21. d5 Nxd5 22. Bc3
Nxc3 23. Nxc3 Bg7 24. Rc1 O-O 25. Bd5 Nc6 26. Bxc6 Qxc6 27. Ne2 Rad8 28. Qc2
Rfe8 29. Kf1 Qf3 30. Nf4 Bh6 31. Rb1 Bxf4 32. gxf4 Qxf4 33. Rd1 Qxh2 34. f4 Qxc2
35. Rxd8 Rxd8 0-1